000 00835nam a2200217 a 4500
003 0
005 20250203131601.0
008 130830s19uu xx 00 eng d
050 _aPGS RA 785
_b.Sa246 2013
100 _aSarmiento, Katrina Rei R.
245 _aStress management of grade 6 students of Southville International School and Colleges /
_cKatrina Rei R. Sarmiento.
260 _aLas PiƱas City, Philippines :
_bSouthville International School and Colleges,
_c2013.
300 _a39 p. :
_bill. ;
_c28 cm.
504 _aIncludes bibliographical references.
650 _aStress (Psychology) in children.
650 _aStress management in children.
650 _aAdolescence
_vPsychological aspects.
650 _aCoping mechanisms in children.
650 _aChild development
_vEmotional aspects.
942 _2lcc
_cPASS
999 _c99060
_d99060